[Event "TUR-chT 1st League"]
[Site "Konya"]
[Date "2018.07.18"]
[Round "4.7"]
[White "Cakan, Cem"]
[Black "Saritarla, Abdullah"]
[Result "1-0"]
[WhiteElo "1957"]
[BlackElo "1607"]
[PlyCount "65"]
[EventDate "2018.07.16"]
[EventType "team-swiss"]
[EventRounds "9"]
[EventCountry "TUR"]
[SourceTitle "EXT 2019"]
[Source "ChessBase"]
[SourceDate "2018.10.10"]
[SourceVersion "1"]
[SourceVersionDate "2018.10.10"]
[SourceQuality "1"]
[WhiteTeam "DCM Pamukkale Universiteli"]
[BlackTeam "Dogukisla Genclik Spor"]
[WhiteTeamCountry "TUR"]
[BlackTeamCountry "TUN"]

1. d4 c6 2. c4 d5 3. cxd5 cxd5 4. Bg5 Nc6 5. Nc3 h6 6. Bh4 g5 7. Bg3 Bg7 8. e3 a6 9. Rc1 Nf6 10. Bd3 Qa5 11. Nge2 Nh5 12. h4 Nxg3 13. Nxg3 gxh4 14. Nh5 Bf8 15. Rxh4 Bd7 16. Qf3 Be6 17. Nf4 0-0-0 18. Rh5 Rg8 19. Kf1 Bg4 20. Bf5+ Bxf5 21. Rxf5 Rg5 22. Rxf7 e5 23. Ne6 Be7 24. Nxd8 Bxd8 25. Qxd5 Qxd5 26. Nxd5 exd4 27. Nb4 Rh5 28. Ke2 Rb5 29. Nxc6 Rxb2+ 30. Kd3 bxc6 31. Rxc6+ Kb8 32. Rf8 Kb7 33. Rc2 1-0

[Event "TUR Cup										"]
[Site "Antalya"]
[Date "2018.01.30"]
[Round "6"]
[White "Dogan, Sevval"]
[Black "Saritarla, Abdullah"]
[Result "1/2-1/2"]
[WhiteElo "1861"]
[BlackElo "1537"]
[PlyCount "102"]
[EventDate "2018.01.27"]
[EventType "swiss"]
[EventRounds "11"]
[EventCountry "TUR"]
[SourceTitle "CBM 182 Extra"]
[Source "ChessBase"]
[SourceDate "2018.02.23"]
[SourceVersion "1"]
[SourceVersionDate "2018.02.23"]
[SourceQuality "1"]

1. e4 c6 2. Ne2 d5 3. e5 Bf5 4. Ng3 e6 5. Nxf5 exf5 6. d4 g6 7. Bd3 Bg7 8. 0-0 Ne7 9. Bg5 0-0 10. Qd2 f6 11. exf6 Bxf6 12. Bxf6 Rxf6 13. Re1 Nd7 14. Qe2 Nc8 15. Nd2 Nd6 16. Nf3 Ne4 17. c4 Rf8 18. Qc2 Qb6 19. Qb3 Qxb3 20. axb3 a6 21. c5 Rfe8 22. b4 h6 23. Re2 Kf7 24. Kf1 Re7 25. Rae1 Rae8 26. Rd1 Rb8 27. Ng1 Rbe8 28. f3 Ng5 29. Rxe7+ Rxe7 30. Re1 Nf6 31. Rxe7+ Kxe7 32. Ne2 Ne6 33. Ke1 Nh5 34. g3 Nf6 35. Kf2 Ne8 36. Ke3 Nf6 37. Nc1 Ne8 38. Nb3 N8c7 39. Na5 Nd8 40. h4 Kf6 41. g4 Nce6 42. Bc2 h5 43. g5+ Ke7 44. Bb1 Kd7 45. Nb3 Nc7 46. Bd3 Nde6 47. f4 Nd8 48. Nd2 Nf7 49. Nf3 Ke7 50. Be2 Ne6 51. Bd3 Nc7 1/2-1/2